La relación del arte con la naturaleza / (Record no. 186370)
[ view plain ]
| 000 -LEADER | |
|---|---|
| campo de control de longitud fija | 00829nam a2200241 i 4500 |
| 001 - NÚMERO DE CONTROL | |
| campo de control | 186370 |
| 003 - IDENTIFICADOR DE NÚMERO DE CONTROL | |
| campo de control | SpMaBN |
| 005 - FECHA Y HORA DE LA ÚLTIMA TRANSACCIÓN | |
| campo de control | 20230906222645.0 |
| 008 - DATOS DE LONGITUD FIJA--INFORMACIÓN GENERAL | |
| campo de control de longitud fija | 161031s1985 sp c |||| |dspa d |
| 020 ## - NÚMERO INTERNACIONAL ESTÁNDAR DEL LIBRO | |
| Número Internacional Estándar del Libro | 84-7291-743-6 |
| 080 ## - NÚMERO DE LA CLASIFICACIÓN DECIMAL UNIVERSAL | |
| Número de la Clasificación Decimal Universal | 111.85 |
| 100 1# - ENTRADA PRINCIPAL--NOMBRE DE PERSONA | |
| Nombre de persona | Schelling, Friedrich Wilhelm Joseph. |
| 9 (RLIN) | 104293 |
| 245 13 - MENCIÓN DEL TÍTULO | |
| Título | La relación del arte con la naturaleza / |
| Mención de responsabilidad, etc. | Friedrich Schelling ; [traducción, Alfonso Castaño Piñán]. |
| 260 ## - PUBLICACIÓN, DISTRIBUCIÓN, ETC. | |
| Lugar de publicación, distribución, etc. | Madrid : |
| Nombre del editor, distribuidor, etc. | Sarpe, |
| Fecha de publicación, distribución, etc. | [1985] |
| 300 ## - DESCRIPCIÓN FÍSICA | |
| Extensión | 115 p. : |
| Otras características físicas | 1 retr. ; |
| Dimensiones | 19 cm. |
| 490 1# - MENCIÓN DE SERIE | |
| Mención de serie | Los grandes pensadores ; |
| Designación de volumen o secuencia | 68 |
| 500 ## - NOTA GENERAL | |
| Nota general | Cronología. |
| 504 ## - NOTA DE BIBLIOGRAFÍA, ETC. | |
| Nota de bibliografía, etc. | Bibliografía: p. [29-31] |
| 650 07 - PUNTO DE ACCESO ADICIONAL DE MATERIA--TÉRMINO DE MATERIA | |
| Término de materia o nombre geográfico como elemento de entrada | Arte- |
| Subdivisión general | Filosofía. |
| 9 (RLIN) | 10099 |
| 830 0# - PUNTO DE ACCESO ADICIONAL DE SERIE-TÍTULO UNIFORME | |
| Título uniforme | Los grandes pensadores ; |
| Designación de volumen o secuencia | 68 |
| 9 (RLIN) | 182825 |
| 852 ## - LOCALIZACIÓN | |
| Ubicación | ES-MaACL |
| Número de control de estantería | L-30737 |
| Nota libre | - enc. guaflex |
| -- | . - Donat. Miguel A. Velasco |
| Estatus retirado | Estado de pérdida | Estado de daño | No para préstamo | Biblioteca de origen | Biblioteca actual | Ubicación en estantería | Fecha de adquisición | Fuente de adquisición | Total de préstamos | Signatura topográfica completa | Código de barras | Visto por última vez | Precio de reemplazo | Tipo de ítem Koha |
|---|---|---|---|---|---|---|---|---|---|---|---|---|---|---|
| Biblioteca del Ateneo de Madrid | Biblioteca del Ateneo de Madrid | Depósito 2 | 31/10/2016 | L-30737 | 1196526 | 23/02/2023 | 23/02/2023 | Libro impreso |
